• 首页
  • 本馆介绍
  • 公告通知
  • 最新文献
  • 馆藏检索
  • 电子资源
  • 读者导购
  • 参考咨询
  • 我的图书馆
  • 登录
  • 详细信息显示
  • 放入我的书架
  • 预约/预借图书
  • 作者相关作品
  • 分类相关作品
  • 丛书相关作品
  • 出版社相关作品

书目信息

  • 表格格式
  • 工作单格式
  • 卡片格式
题名:
高管团队的内外部学习与团队绩效
    
 
作者: 张大力 著
分册:  
出版信息: 长春   东北师范大学出版社  2017.9
页数: 211页
开本: 24cm
丛书名:
单 册:
中图分类: F276.44
科图分类:
主题词: 高技术产业--企业管理--组织管理--研究
电子资源:
ISBN: 978-7-5681-3873-4
000 00967nam0 2200229 45
001 012001001072
005 20140920091302.0
010    @a978-7-5681-3873-4@dCNY50.00
100    @a20171027d2017 em y0chiy0110 ea
101 0  @achi
102    @aCN@b220000
105    @ay z 000yy
106    @ar
200 1  @a高管团队的内外部学习与团队绩效@9Gao Guan Tuan Dui De Nei Wai Bu Xue Xi Yu Tuan Dui Ji Xiao@f张大力著
210    @a长春@c东北师范大学出版社@d2017.9
215    @a211页@d24cm
330    @a这是一本学术著作,同时兼顾其可阅读性。组织学习的理论与实践研究由来已久,但是组织学习在企业高管团队层面的针对性研究相对较少,组织学习如何影响企业的创新绩效,这个影响过程中知识是如何转化的,有哪些中介因素和调节因素,前因是什么,本书对这些问题的研究,创新和丰富了组织学习的有关理论。
606 0  @a高技术产业@x企业管理@x组织管理@x研究
690    @aF276.44@v5
701  0 @a张大力@9Zhang Da Li@4著
801  0 @aCN@b上海新华@c20180901
905    @b1155821-25@dF276.44@e1525@f5
    
    高管团队的内外部学习与团队绩效/张大力著.-长春:东北师范大学出版社,2017.9
    211页;24cm
    
    
    ISBN 978-7-5681-3873-4:CNY50.00
    这是一本学术著作,同时兼顾其可阅读性。组织学习的理论与实践研究由来已久,但是组织学习在企业高管团队层面的针对性研究相对较少,组织学习如何影响企业的创新绩效,这个影响过程中知识是如何转化的,有哪些中介因素和调节因素,前因是什么,本书对这些问题的研究,创新和丰富了组织学习的有关理论。
●
相关链接 在E读中查询图书 在五车中查询图书 在当当中查询图书 在豆瓣中查询图书


正题名:高管团队的内外部学习与团队绩效     索取号:F276.44/1525         预约/预借

序号 登录号 条形码 馆藏地/架位号 状态 备注
1 1155821   211558214   第一样本阅览室/ [索取号:F276.44/1525] 在馆    
2 1155822   211558223   第一借阅区/ [索取号:F276.44/1525] 在馆    
3 1155823   211558232   第一借阅区/ [索取号:F276.44/1525] 在馆    
4 1155824   211558241   密集书库-海洋学院/ [索取号:F276.44/1525] 在馆    
5 1155825   211558250   第一借阅区/ [索取号:F276.44/1525] 在馆    
唐山师范学院图书馆 欢迎您!
大连网信软件有限公司© 版权所有